00919nam a2200217 a 450000100100000000500170001000800410002702000150006804000130008308200220009610000440011824500850016226000360024730000370028350000700032065000400039004900090043095201200043995201250055999900170068400001669620200929164941.0100309s2004 dr ac 000 0 spa d a9993479047 aDO-SdBNP a923.397293bM516e1 aMejía Almonte, Máximod1951-93705210aEncajes La Rosario :buna historia para ser contada /cMáximo Mejía Almonte. aSanto Domingo :bBúho,c2004. a[227 p.] :bil., retr. ;c24 cm. aIncluye datos biográficos del autor en la solapa de la cubierta 4aMejia almonte, maximoy1951-937053 aBNPD 0010718PDaPDbPDcCTd2010-03-09iLF1l0o923.397293 M516ep16696-10r2020-06-25w2020-06-25yLFPDZNo se presta 0010718PDaPDbPDcCTd2010-03-09iLF1l0o923.397293 M516ep16696-20r2020-06-25te.2w2020-06-25yLFPDZNo se presta c16229d16229